000 00876cab a2200253 4500
001 ABS52415
008 090401t1995 xxu||||| |||| 00| 0 eng d
035 _a(Sirsi) u76739
041 _aeng
100 _aHowell, J.
245 _aCavity wall tie failure: a minor problem or a major disaster?
260 _c1995
350 _a0
490 _aCSM (Chartered Surveyor Monthly)
_v4(5) March 1995, 28-29(2)
520 _aUrges surveyors to be more aware of wall-tie failure as specialist treatment firms increasingly enter the market. Identifies the signs of corrosion and advises on methods of inspection.
650 _aCAVITY WALLS
650 _aDEFECTS
650 _aWALL TIE FAILURE
650 _aWALL TIES
690 _aBUILDING AND CONSTRUCTION-DEFECTS AND FAILURES
690 _aBUILT ENVIRONMENT-BUILDING INSPECTION
942 _n0
948 _c04/03/1997
999 _c48215
_d48215